Carregant...

Krithikal Ed by Puthupali Rakhavan /

Dades bibliogràfiques
Autor principal: Karunakaran, Kampisseri
Idioma:Undetermined
Publicat: Prabhath , 1980.
LEADER 00605nam a2200145Ia 4500
001 56049
008 170722s9999 xx 000 0 und d
100 |a Karunakaran, Kampisseri 
245 |a Krithikal Ed by Puthupali Rakhavan / 
260 |b Prabhath ,  |c 1980. 
300 |a Ppxxvi+623  |c 20Cms 
942 |c GEN 
999 |c 100975  |d 100975 
952 |0 0  |1 0  |4 0  |6 O_32X_N2210_M0M01_KR  |7 0  |9 141696  |a LIB  |b LIB  |d 2017-08-12  |o O32x N2210 M0-M0;1 (KR)  |p 188259  |r 2017-08-12  |v 20.50  |w 2017-08-12  |y GEN 
952 |0 0  |1 0  |4 0  |6 O_32X_N2210_M0M01_KR  |7 0  |9 141697  |a LIB  |b LIB  |d 2017-08-12  |o O32x N2210 M0-M0;1 (KR)  |p 188260  |r 2017-08-12  |v 20.50  |w 2017-08-12  |y GEN